[Event "Deutsche Ländermeisterschaft 2025"]
[Site "Oer-Erkenschwick GER"]
[Date "2025.10.01"]
[Round "2"]
[White "Jahnz, Laurin"]
[Black "Yasmo, Daniil"]
[Result "1-0"]
[Termination "normal"]
[Board "5.2"]
[WhiteTitle "CM"]
[WhiteElo "2220"]
[BlackElo "2095"]
[WhiteClock "00:02:26"]
[BlackClock "00:07:38"]
[WhiteTeam "Berlin"]
[BlackTeam "Württemberg"]
[PlyCount "90"]
[WhiteFideId "16261089"]
[BlackFideId "14199165"]
[EventCountry "GER"]
[EventRounds "7"]
[EventType "team-swiss"]
[EventDate "2025.09.30"]

1. e4 {[%clk 01:30:59]} c5 {[%clk 01:30:57]} {[%emt 00:00:04]} 2. Nf3 {[%clk
01:31:26]} {[%emt 00:00:03]} d6 {[%clk 01:31:24]} {[%emt 00:00:03]} 3. Bc4
{[%clk 01:31:30]} {[%emt 00:00:25]} Nf6 {[%clk 01:30:07]} {[%emt 00:01:46]} 4.
d3 {[%clk 01:31:42]} {[%emt 00:00:18]} a6 {[%clk 01:29:06]} {[%emt 00:01:31]}
5. a4 {[%clk 01:32:05]} {[%emt 00:00:08]} e6 {[%clk 01:28:22]} {[%emt
00:01:12]} 6. Bb3 {[%clk 01:32:15]} {[%emt 00:00:20]} Be7 {[%clk 01:27:35]}
{[%emt 00:01:17]} 7. O-O {[%clk 01:32:39]} {[%emt 00:00:07]} O-O {[%clk
01:28:02]} {[%emt 00:00:04]} 8. Re1 {[%clk 01:32:31]} {[%emt 00:00:38]} b6
{[%clk 01:10:25]} {[%emt 00:18:07]} 9. c3 {[%clk 01:32:36]} {[%emt 00:00:25]}
Bb7 {[%clk 01:10:51]} {[%emt 00:00:04]} 10. Nbd2 {[%clk 01:33:00]} {[%emt
00:00:06]} Nbd7 {[%clk 01:09:08]} {[%emt 00:02:12]} 11. Bc2 {[%clk 01:31:55]}
{[%emt 00:01:37]} Rc8 {[%clk 01:08:20]} {[%emt 00:01:17]} 12. Nf1 {[%clk
01:30:23]} {[%emt 00:02:02]} Rc7 {[%clk 01:05:40]} {[%emt 00:03:10]} 13. Ng3
{[%clk 01:29:12]} {[%emt 00:01:41]} Qa8 {[%clk 01:05:19]} {[%emt 00:00:51]} 14.
h3 {[%clk 01:23:54]} {[%emt 00:05:48]} Kh8 {[%clk 00:54:13]} {[%emt 00:11:36]}
15. Bg5 {[%clk 01:20:02]} {[%emt 00:04:22]} Ng8 {[%clk 00:51:47]} {[%emt
00:02:56]} 16. Bxe7 {[%clk 01:12:44]} {[%emt 00:07:49]} Nxe7 {[%clk 00:52:12]}
{[%emt 00:00:04]} 17. Qd2 {[%clk 01:06:35]} {[%emt 00:06:39]} f6 {[%clk
00:45:33]} {[%emt 00:07:09]} 18. Nh4 {[%clk 00:54:59]} {[%emt 00:12:06]} Qe8
{[%clk 00:42:13]} {[%emt 00:03:49]} 19. f4 {[%clk 00:54:27]} {[%emt 00:01:03]}
g6 {[%clk 00:41:01]} {[%emt 00:01:42]} 20. Bb3 {[%clk 00:43:14]} {[%emt
00:11:44]} e5 {[%clk 00:40:50]} {[%emt 00:00:41]} 21. fxe5 {[%clk 00:40:36]}
{[%emt 00:03:08]} dxe5 {[%clk 00:39:58]} {[%emt 00:01:22]} 22. Rf1 {[%clk
00:36:08]} {[%emt 00:04:57]} Kg7 {[%clk 00:40:09]} {[%emt 00:00:19]} 23. Rf2
{[%clk 00:35:19]} {[%emt 00:01:20]} Rc6 {[%clk 00:37:10]} {[%emt 00:03:30]} 24.
Raf1 {[%clk 00:30:39]} {[%emt 00:05:09]} Rd6 {[%clk 00:35:02]} {[%emt
00:02:37]} 25. Qe2 {[%clk 00:26:52]} {[%emt 00:04:17]} Bc8 {[%clk 00:32:53]}
{[%emt 00:02:40]} 26. Qe3 {[%clk 00:23:44]} {[%emt 00:03:38]} Nb8 {[%clk
00:30:52]} {[%emt 00:02:31]} 27. a5 {[%clk 00:19:22]} {[%emt 00:04:53]} Qb5
{[%clk 00:27:44]} {[%emt 00:03:37]} 28. Bc4 {[%clk 00:18:09]} {[%emt 00:01:43]}
Qxa5 {[%clk 00:27:54]} {[%emt 00:00:20]} 29. Nf3 {[%clk 00:17:15]} {[%emt
00:01:24]} Nd7 {[%clk 00:25:54]} {[%emt 00:02:29]} 30. Ng5 {[%clk 00:11:15]}
{[%emt 00:06:31]} Nb8 {[%clk 00:22:16]} {[%emt 00:04:07]} 31. h4 {[%clk
00:06:51]} {[%emt 00:04:54]} h6 {[%clk 00:22:08]} {[%emt 00:00:37]} 32. Nf7
{[%clk 00:07:02]} {[%emt 00:00:19]} Rxf7 {[%clk 00:20:28]} {[%emt 00:02:11]}
33. Bxf7 {[%clk 00:07:24]} {[%emt 00:00:07]} Kxf7 {[%clk 00:20:55]} {[%emt
00:00:03]} 34. Qxh6 {[%clk 00:07:47]} {[%emt 00:00:07]} Nd7 {[%clk 00:16:45]}
{[%emt 00:04:41]} 35. h5 {[%clk 00:06:02]} {[%emt 00:02:15]} Nf8 {[%clk
00:12:35]} {[%emt 00:04:39]} 36. Rxf6+ {[%clk 00:05:10]} {[%emt 00:01:22]} Rxf6
{[%clk 00:12:54]} {[%emt 00:00:11]} 37. Rxf6+ {[%clk 00:05:37]} {[%emt
00:00:04]} Kxf6 {[%clk 00:13:15]} {[%emt 00:00:09]} 38. Qxf8+ {[%clk 00:06:03]}
{[%emt 00:00:04]} Ke6 {[%clk 00:07:30]} {[%emt 00:06:15]} 39. h6 {[%clk
00:06:28]} {[%emt 00:00:05]} c4 {[%clk 00:07:57]} {[%emt 00:00:03]} 40. h7
{[%clk 00:06:00]} {[%emt 00:00:58]} cxd3 {[%clk 00:07:27]} {[%emt 00:01:01]}
41. h8=Q {[%clk 00:06:20]} {[%emt 00:00:10]} Qc5+ {[%clk 00:07:53]} {[%emt
00:00:04]} 42. Kh2 {[%clk 00:06:28]} {[%emt 00:00:22]} d2 {[%clk 00:07:35]}
{[%emt 00:00:48]} 43. Qh3+ {[%clk 00:05:51]} {[%emt 00:01:06]} Kd6 {[%clk
00:07:16]} {[%emt 00:00:49]} 44. Qd8+ {[%clk 00:03:00]} {[%emt 00:03:21]} Kc6
{[%clk 00:07:38]} {[%emt 00:00:08]} 45. Qh6 {[%clk 00:02:26]} {[%emt 00:01:03]}
Kd5 {[%emt 00:00:38]} 1-0

[Event "Deutsche Ländermeisterschaft 2025"]
[Site "Oer-Erkenschwick GER"]
[Date "2025.10.01"]
[Round "2"]
[White "Ensslinger, Colin"]
[Black "Held, Momme Fredrik"]
[Result "0-1"]
[Termination "normal"]
[Board "5.3"]
[WhiteElo "2095"]
[BlackElo "2081"]
[WhiteClock "00:45:41"]
[BlackClock "00:30:37"]
[WhiteTeam "Württemberg"]
[BlackTeam "Berlin"]
[PlyCount "68"]
[WhiteFideId "16226011"]
[BlackFideId "16237692"]
[EventCountry "GER"]
[EventRounds "7"]
[EventType "team-swiss"]
[EventDate "2025.09.30"]

1. Nf3 {[%clk 01:30:49]} {[%emt 00:00:10]} c5 {[%clk 01:30:54]} {[%emt
00:00:07]} 2. g3 {[%clk 01:31:10]} {[%emt 00:00:09]} g6 {[%clk 01:31:18]}
{[%emt 00:00:06]} 3. Bg2 {[%clk 01:30:34]} {[%emt 00:01:07]} Bg7 {[%clk
01:31:18]} {[%emt 00:00:30]} 4. O-O {[%clk 01:30:57]} {[%emt 00:00:06]} Nc6
{[%clk 01:31:43]} {[%emt 00:00:05]} 5. d3 {[%clk 01:31:08]} {[%emt 00:00:20]}
e5 {[%clk 01:31:07]} {[%emt 00:01:06]} 6. c4 {[%clk 01:28:50]} {[%emt
00:02:48]} Nge7 {[%clk 01:31:20]} {[%emt 00:00:17]} 7. Nc3 {[%clk 01:29:10]}
{[%emt 00:00:09]} d6 {[%clk 01:31:16]} {[%emt 00:00:35]} 8. Bd2 {[%clk
01:29:30]} {[%emt 00:00:10]} O-O {[%clk 01:28:17]} {[%emt 00:03:28]} 9. a3
{[%clk 01:29:53]} {[%emt 00:00:07]} h6 {[%clk 01:26:03]} {[%emt 00:02:45]} 10.
Rb1 {[%clk 01:28:15]} {[%emt 00:02:07]} a5 {[%clk 01:26:26]} {[%emt 00:00:06]}
11. Ne1 {[%clk 01:26:45]} {[%emt 00:02:01]} Be6 {[%clk 01:26:47]} {[%emt
00:00:09]} 12. Nc2 {[%clk 01:26:59]} {[%emt 00:00:16]} d5 {[%clk 01:26:27]}
{[%emt 00:00:50]} 13. cxd5 {[%clk 01:22:56]} {[%emt 00:04:33]} Nxd5 {[%clk
01:26:49]} {[%emt 00:00:08]} 14. Ne3 {[%clk 01:17:05]} {[%emt 00:06:21]} Nde7
{[%clk 01:26:19]} {[%emt 00:01:00]} 15. Nc4 {[%clk 01:16:04]} {[%emt 00:01:32]}
Rb8 {[%clk 01:22:15]} {[%emt 00:04:34]} 16. Nb5 {[%clk 01:14:16]} {[%emt
00:02:18]} b6 {[%clk 01:15:40]} {[%emt 00:07:04]} 17. Qc1 {[%clk 01:12:18]}
{[%emt 00:02:28]} Kh7 {[%clk 01:15:22]} {[%emt 00:00:48]} 18. b4 {[%clk
01:11:29]} {[%emt 00:01:19]} axb4 {[%clk 01:00:58]} {[%emt 00:14:54]} 19. axb4
{[%clk 01:10:44]} {[%emt 00:01:14]} Qd7 {[%clk 01:00:52]} {[%emt 00:00:36]} 20.
Be3 {[%clk 01:03:30]} {[%emt 00:07:44]} Nxb4 {[%clk 00:59:58]} {[%emt
00:01:24]} 21. Nc3 {[%clk 01:02:37]} {[%emt 00:01:23]} Rfc8 {[%clk 00:50:16]}
{[%emt 00:10:12]} 22. f4 {[%clk 01:00:07]} {[%emt 00:03:01]} exf4 {[%clk
00:47:52]} {[%emt 00:02:54]} 23. gxf4 {[%clk 00:57:05]} {[%emt 00:03:32]} Nf5
{[%clk 00:31:30]} {[%emt 00:16:52]} 24. Bf2 {[%clk 00:53:16]} {[%emt 00:04:19]}
Nd4 {[%clk 00:31:53]} {[%emt 00:00:07]} 25. Kh1 {[%clk 00:50:43]} {[%emt
00:03:02]} Nxe2 {[%clk 00:30:06]} {[%emt 00:02:17]} 26. Nxe2 {[%clk 00:50:33]}
{[%emt 00:00:40]} Qxd3 {[%clk 00:30:32]} {[%emt 00:00:05]} 27. Nxb6 {[%clk
00:47:18]} {[%emt 00:03:44]} Rxb6 {[%clk 00:30:28]} {[%emt 00:00:33]} 28. Ng3
{[%clk 00:47:36]} {[%emt 00:00:13]} Na2 {[%clk 00:29:47]} {[%emt 00:01:11]} 29.
Qd1 {[%clk 00:44:48]} {[%emt 00:03:17]} Qxb1 {[%clk 00:29:29]} {[%emt
00:00:49]} 30. Qxb1 {[%clk 00:45:12]} {[%emt 00:00:06]} Rxb1 {[%clk 00:29:57]}
{[%emt 00:00:03]} 31. Rxb1 {[%clk 00:45:36]} {[%emt 00:00:05]} c4 {[%clk
00:29:46]} {[%emt 00:00:42]} 32. Be4 {[%clk 00:44:47]} {[%emt 00:01:18]} Nc3
{[%clk 00:30:12]} {[%emt 00:00:04]} 33. Rc1 {[%clk 00:45:14]} {[%emt 00:00:03]}
Nxe4 {[%clk 00:30:37]} {[%emt 00:00:05]} 34. Nxe4 {[%clk 00:45:41]} {[%emt
00:00:03]} Bd5 {[%emt 00:00:37]} 0-1

[Event "Deutsche Ländermeisterschaft 2025"]
[Site "Oer-Erkenschwick GER"]
[Date "2025.10.01"]
[Round "2"]
[White "Hoppe, Arthur"]
[Black "Naumann, Lennart"]
[Result "1-0"]
[Termination "normal"]
[Board "5.4"]
[WhiteElo "2041"]
[BlackElo "1895"]
[WhiteClock "01:16:36"]
[BlackClock "00:30:03"]
[WhiteTeam "Berlin"]
[BlackTeam "Württemberg"]
[PlyCount "39"]
[WhiteFideId "34618910"]
[BlackFideId "34644830"]
[EventCountry "GER"]
[EventRounds "7"]
[EventType "team-swiss"]
[EventDate "2025.09.30"]

1. e4 {[%clk 01:30:56]} {[%emt 00:00:03]} c6 {[%clk 01:30:57]} {[%emt
00:00:05]} 2. Nf3 {[%clk 01:31:21]} {[%emt 00:00:05]} d5 {[%clk 01:31:20]}
{[%emt 00:00:07]} 3. Nc3 {[%clk 01:31:48]} {[%emt 00:00:03]} dxe4 {[%clk
01:31:40]} {[%emt 00:00:10]} 4. Nxe4 {[%clk 01:32:13]} {[%emt 00:00:05]} Nf6
{[%clk 01:31:47]} {[%emt 00:00:22]} 5. Qe2 {[%clk 01:32:38]} {[%emt 00:00:05]}
Nxe4 {[%clk 01:31:57]} {[%emt 00:00:20]} 6. Qxe4 {[%clk 01:33:04]} {[%emt
00:00:05]} Be6 {[%clk 01:32:05]} {[%emt 00:00:22]} 7. Qe3 {[%clk 01:32:28]}
{[%emt 00:01:07]} Nd7 {[%clk 01:30:48]} {[%emt 00:01:46]} 8. Bd3 {[%clk
01:30:51]} {[%emt 00:02:08]} Bd5 {[%clk 01:28:45]} {[%emt 00:02:32]} 9. Be4
{[%clk 01:23:43]} {[%emt 00:07:38]} Nf6 {[%clk 01:22:10]} {[%emt 00:07:05]} 10.
d3 {[%clk 01:22:32]} {[%emt 00:01:42]} e6 {[%clk 01:21:40]} {[%emt 00:00:59]}
11. O-O {[%clk 01:21:53]} {[%emt 00:01:09]} Qc7 {[%clk 01:18:08]} {[%emt
00:04:03]} 12. b3 {[%clk 01:21:11]} {[%emt 00:01:12]} Bd6 {[%clk 01:16:59]}
{[%emt 00:01:39]} 13. h3 {[%clk 01:21:01]} {[%emt 00:00:39]} O-O-O {[%clk
01:15:34]} {[%emt 00:01:55]} 14. Qxa7 {[%clk 01:18:23]} {[%emt 00:03:09]} Nxe4
{[%clk 01:14:04]} {[%emt 00:02:00]} 15. dxe4 {[%clk 01:18:38]} {[%emt
00:00:15]} Bxe4 {[%clk 01:14:20]} {[%emt 00:00:14]} 16. Nd2 {[%clk 01:19:05]}
{[%emt 00:00:02]} Bxc2 {[%clk 00:52:22]} {[%emt 00:22:28]} 17. Nc4 {[%clk
01:19:26]} {[%emt 00:00:09]} Bh2+ {[%clk 00:49:12]} {[%emt 00:03:39]} 18. Kh1
{[%clk 01:19:48]} {[%emt 00:00:10]} Kd7 {[%clk 00:49:29]} {[%emt 00:00:12]} 19.
g3 {[%clk 01:16:42]} {[%emt 00:03:37]} Bd3 {[%clk 00:30:03]} {[%emt 00:19:53]}
20. Bf4 {[%clk 01:16:36]} {[%emt 00:00:39]} 1-0

[Event "Deutsche Ländermeisterschaft 2025"]
[Site "Oer-Erkenschwick GER"]
[Date "2025.10.01"]
[Round "2"]
[White "Moldovan, Stela"]
[Black "Gersemann, Karl"]
[Result "1-0"]
[Termination "normal"]
[Board "5.5"]
[WhiteElo "1841"]
[BlackElo "2001"]
[WhiteClock "00:15:13"]
[BlackClock "00:39:45"]
[WhiteTeam "Württemberg"]
[BlackTeam "Berlin"]
[PlyCount "111"]
[WhiteFideId "16287380"]
[BlackFideId "34602186"]
[EventCountry "GER"]
[EventRounds "7"]
[EventType "team-swiss"]
[EventDate "2025.09.30"]

1. d4 {[%clk 01:30:45]} {[%emt 00:00:15]} Nf6 {[%clk 01:30:56]} {[%emt
00:00:04]} 2. Nf3 {[%clk 01:30:42]} {[%emt 00:00:33]} g6 {[%clk 01:31:16]}
{[%emt 00:00:10]} 3. Bf4 {[%clk 01:30:21]} {[%emt 00:00:51]} Bg7 {[%clk
01:31:09]} {[%emt 00:00:37]} 4. Nc3 {[%clk 01:27:55]} {[%emt 00:02:56]} d5
{[%clk 01:31:33]} {[%emt 00:00:06]} 5. Qd2 {[%clk 01:26:49]} {[%emt 00:01:33]}
O-O {[%clk 01:31:55]} {[%emt 00:00:11]} 6. h3 {[%clk 01:26:02]} {[%emt
00:01:18]} c5 {[%clk 01:28:42]} {[%emt 00:03:41]} 7. e3 {[%clk 01:22:37]}
{[%emt 00:03:56]} Nc6 {[%clk 01:27:19]} {[%emt 00:01:52]} 8. g4 {[%clk
01:19:05]} {[%emt 00:04:04]} Ne4 {[%clk 01:27:10]} {[%emt 00:00:38]} 9. Nxe4
{[%clk 01:15:05]} {[%emt 00:04:30]} dxe4 {[%clk 01:27:35]} {[%emt 00:00:05]}
10. Ne5 {[%clk 01:15:12]} {[%emt 00:00:23]} cxd4 {[%clk 01:27:50]} {[%emt
00:00:15]} 11. Nxc6 {[%clk 01:14:27]} {[%emt 00:01:16]} bxc6 {[%clk 01:28:03]}
{[%emt 00:00:16]} 12. Rd1 {[%clk 01:12:46]} {[%emt 00:02:11]} e5 {[%clk
01:27:55]} {[%emt 00:00:39]} 13. Bg3 {[%clk 01:12:27]} {[%emt 00:00:48]} Be6
{[%clk 01:27:42]} {[%emt 00:00:43]} 14. a3 {[%clk 01:11:10]} {[%emt 00:01:48]}
c5 {[%clk 01:26:07]} {[%emt 00:02:04]} 15. Bg2 {[%clk 01:10:16]} {[%emt
00:01:24]} f5 {[%clk 01:26:25]} {[%emt 00:00:12]} 16. gxf5 {[%clk 01:06:25]}
{[%emt 00:04:21]} gxf5 {[%clk 01:26:48]} {[%emt 00:00:07]} 17. O-O {[%clk
01:06:28]} {[%emt 00:00:28]} Qf6 {[%clk 01:26:02]} {[%emt 00:01:16]} 18. f4
{[%clk 01:04:56]} {[%emt 00:02:02]} Qg6 {[%clk 01:25:51]} {[%emt 00:00:40]} 19.
Bh2 {[%clk 01:03:36]} {[%emt 00:01:51]} Bh6 {[%clk 01:25:03]} {[%emt 00:01:17]}
20. exd4 {[%emt 00:02:24]} exd4 {[%clk 01:25:00]} 21. Kh1 {[%clk 01:00:25]}
{[%emt 00:02:20]} Bg7 {[%clk 01:23:57]} {[%emt 00:01:33]} 22. Rg1 {[%clk
00:59:35]} {[%emt 00:01:20]} Qf7 {[%clk 01:21:34]} {[%emt 00:02:51]} 23. Qa5
{[%clk 00:57:43]} {[%emt 00:02:23]} Rab8 {[%clk 01:18:13]} {[%emt 00:03:51]}
24. b4 {[%clk 00:54:33]} {[%emt 00:03:41]} c4 {[%clk 01:18:15]} {[%emt
00:00:28]} 25. Bxe4 {[%clk 00:49:29]} {[%emt 00:05:34]} fxe4 {[%clk 01:17:10]}
{[%emt 00:01:34]} 26. f5 {[%clk 00:49:45]} {[%emt 00:00:15]} Rb7 {[%clk
01:13:50]} {[%emt 00:03:49]} 27. Rxg7+ {[%clk 00:49:00]} {[%emt 00:01:16]} Qxg7
{[%clk 01:12:05]} {[%emt 00:02:14]} 28. Rg1 {[%clk 00:48:56]} {[%emt 00:00:34]}
Qxg1+ {[%clk 01:07:45]} {[%emt 00:04:49]} 29. Bxg1 {[%clk 00:49:00]} {[%emt
00:00:28]} Rxf5 {[%clk 01:06:30]} {[%emt 00:01:44]} 30. Qd8+ {[%clk 00:48:50]}
{[%emt 00:00:40]} Rf8 {[%clk 01:04:28]} {[%emt 00:02:32]} 31. Qd6 {[%clk
00:45:57]} {[%emt 00:03:19]} Re8 {[%clk 01:01:23]} {[%emt 00:03:39]} 32. Bxd4
{[%clk 00:44:30]} {[%emt 00:01:57]} Rd7 {[%clk 00:58:45]} {[%emt 00:03:08]} 33.
Qe5 {[%clk 00:39:38]} {[%emt 00:05:19]} Rxd4 {[%clk 00:59:03]} {[%emt
00:00:16]} 34. Qxd4 {[%clk 00:39:58]} {[%emt 00:00:09]} e3 {[%clk 00:59:26]}
{[%emt 00:00:07]} 35. Kg1 {[%clk 00:36:34]} {[%emt 00:03:53]} Bxh3 {[%clk
00:58:18]} {[%emt 00:01:38]} 36. Qd5+ {[%clk 00:34:56]} {[%emt 00:02:03]} Kh8
{[%clk 00:57:59]} {[%emt 00:00:56]} 37. Qf7 {[%clk 00:35:06]} {[%emt 00:00:17]}
Rg8+ {[%clk 00:57:20]} {[%emt 00:01:11]} 38. Kh2 {[%clk 00:35:06]} {[%emt
00:00:17]} e2 {[%clk 00:57:12]} {[%emt 00:00:52]} 39. Qf6+ {[%clk 00:34:12]}
{[%emt 00:01:21]} Rg7 {[%clk 00:57:39]} {[%emt 00:00:05]} 40. Qe5 {[%clk
00:34:11]} {[%emt 00:00:24]} Bf1 {[%clk 00:57:45]} {[%emt 00:00:31]} 41. b5
{[%clk 00:32:01]} {[%emt 00:02:40]} h5 {[%clk 00:57:28]} {[%emt 00:00:47]} 42.
a4 {[%clk 00:31:54]} {[%emt 00:00:37]} h4 {[%clk 00:57:41]} {[%emt 00:00:17]}
43. a5 {[%clk 00:31:46]} {[%emt 00:00:38]} h3 {[%clk 00:56:40]} {[%emt
00:01:32]} 44. b6 {[%clk 00:32:00]} {[%emt 00:00:16]} axb6 {[%clk 00:56:19]}
{[%emt 00:00:50]} 45. axb6 {[%clk 00:32:11]} {[%emt 00:00:20]} Kg8 {[%clk
00:55:51]} {[%emt 00:00:57]} 46. Qe8+ {[%clk 00:32:08]} {[%emt 00:00:33]} Kh7
{[%clk 00:56:07]} {[%emt 00:00:13]} 47. Qe4+ {[%clk 00:32:28]} {[%emt
00:00:11]} Kg8 {[%clk 00:56:12]} {[%emt 00:00:25]} 48. Qxc4+ {[%clk 00:32:12]}
{[%emt 00:00:46]} Kh7 {[%clk 00:56:05]} {[%emt 00:00:38]} 49. Qe4+ {[%clk
00:19:22]} {[%emt 00:13:18]} Kg8 {[%clk 00:56:19]} {[%emt 00:00:18]} 50. c4
{[%clk 00:15:20]} {[%emt 00:04:31]} Rg2+ {[%clk 00:46:52]} {[%emt 00:09:57]}
51. Kh1 {[%clk 00:15:33]} {[%emt 00:00:17]} Rg7 {[%clk 00:46:53]} {[%emt
00:00:30]} 52. Qe8+ {[%clk 00:15:38]} {[%emt 00:00:25]} Kh7 {[%clk 00:46:46]}
{[%emt 00:00:37]} 53. c5 {[%clk 00:15:21]} {[%emt 00:00:46]} Bg2+ {[%clk
00:46:53]} {[%emt 00:00:24]} 54. Kh2 {[%clk 00:15:36]} {[%emt 00:00:13]} Bc6
{[%clk 00:47:06]} {[%emt 00:00:19]} 55. Qe3 {[%clk 00:15:20]} {[%emt 00:00:42]}
Rg8 {[%clk 00:39:45]} {[%emt 00:07:55]} 56. Qxh3+ {[%clk 00:15:13]} {[%emt
00:00:37]} 1-0